|
|
|
|
| LEADER |
00000cam a2200000 7i4500 |
| 001 |
0000000521 |
| 005 |
20000825.0 |
| 020 |
0 |
0 |
|a 0471637041
|
| 090 |
0 |
0 |
|a 004
|b INT 1989
|
| 245 |
0 |
0 |
|a INTRODUCTION to computer systems : analysis, design, and applications
|c John A. Aseltine ... [et al]
|
| 260 |
0 |
0 |
|a New York :
|b J. Wiley ,
|c 1989
|
| 300 |
|
|
|a xvii, 375 p. :
|b ill. ;
|c 25 cm.
|
| 500 |
0 |
0 |
|a Bibliography: [p.365-369] and index
|
| 650 |
0 |
0 |
|a Computers
|
| 650 |
0 |
0 |
|a System analysis
|
| 650 |
0 |
0 |
|a System design
|
| 700 |
0 |
1 |
|a Aseltine
|h John A.
|
| 999 |
|
|
|a 0000000335
|b Monograph
|c Open Shelf
|e Default branch
|